[Event "Camp. Arg. 83 - Semifinal (La Plata)"]
[Site "Calle 46 - No. 581 (La Plata)"]
[Date "2008.07.22"]
[Round "2.8"]
[White "Quiroga, Facundo"]
[Black "Sampaoli, Cristian"]
[Result "1/2-1/2"]
[WhiteElo "2339"]
[BlackElo "2201"]
[PlyCount "55"]
[EventDate "2008.07.21"]

1. d4 d5 2. Nf3 e6 3. c4 c5 4. dxc5 Bxc5 5. a3 dxc4 6. Qxd8+ Kxd8 7. Nc3 a6 8.
Ne5 Ke7 9. Ne4 Bd4 10. Nxc4 Nf6 11. Nxf6 gxf6 12. e3 Ba7 13. Bd2 Nc6 14. Be2 b5
15. Bf3 Bb7 16. Na5 Nxa5 17. Bxa5 Bxf3 18. Bb4+ Ke8 19. gxf3 a5 20. Bxa5 Bxe3
21. Bc3 Bf4 22. Bxf6 Rg8 23. Ke2 Rg6 24. Rhg1 e5 25. Rxg6 fxg6 26. Bh4 Rc8 27.
Kd3 Bc1 28. f4 1/2-1/2

[Event "Camp. Arg. 83 - Semifinal (La Plata)"]
[Site "Calle 46 - No. 581 (La Plata)"]
[Date "2008.??.??"]
[Round "2.9"]
[White "Alcobedo, Damian"]
[Black "Calderon Fernandez, Gervasio Andres"]
[Result "0-1"]
[WhiteElo "2123"]
[BlackElo "2303"]
[PlyCount "98"]
[EventDate "2008.07.21"]

1. e4 c5 2. Nf3 d6 3. d3 g6 4. g3 Bg7 5. Bg2 Nf6 6. c3 O-O 7. O-O Nc6 8. Nbd2
d5 9. Re1 dxe4 10. dxe4 Ng4 11. Qe2 Nge5 12. Nxe5 Nxe5 13. Nc4 Nxc4 14. Qxc4
Qc7 15. Bf4 Qb6 16. Qb3 Be6 17. Qc2 Rfd8 18. Be3 Qa5 19. f4 Rd7 20. f5 Bc4 21.
Qf2 Rad8 22. Bf1 Qa6 23. Bh3 Rd3 24. Bf1 R3d6 25. Bf4 R6d7 26. Qxc5 Bxf1 27.
Rxf1 gxf5 28. exf5 Bf6 29. Qf2 Kh8 30. a3 h6 31. Rfe1 Qb5 32. Bxh6 Rd5 33. g4
Rg8 34. h3 Rxf5 35. Qg2 Bg5 36. Bxg5 Rfxg5 37. a4 Qc5+ 38. Qf2 Qc7 39. Re3 f5
40. Rf1 fxg4 41. Rg3 Qxg3+ 42. Qxg3 gxh3 43. Qxg5 Rxg5+ 44. Kh2 Rg2+ 45. Kxh3
Rxb2 46. Rf7 Re2 47. Rf8+ Kg7 48. Ra8 a6 49. Kg4 Re4+ 0-1

[Event "Camp. Arg. 83 - Semifinal (La Plata)"]
[Site "Calle 46 - No. 581 (La Plata)"]
[Date "2008.??.??"]
[Round "2.14"]
[White "Hobaica, Juan Pablo"]
[Black "Amed, Stephanie"]
[Result "1-0"]
[WhiteElo "2417"]
[BlackElo "2099"]
[PlyCount "63"]
[EventDate "2008.07.21"]

1. e4 e6 2. d3 d5 3. Qe2 Ne7 4. Nf3 c5 5. g3 Nbc6 6. Bg2 g6 7. h4 h6 8. O-O Bg7
9. e5 Qc7 10. Re1 b6 11. c3 a5 12. Bf4 g5 13. hxg5 Ng6 14. d4 Nxf4 15. gxf4 Ba6
16. Qd2 O-O-O 17. Bf1 Bxf1 18. Kxf1 hxg5 19. fxg5 Ne7 20. Na3 Nf5 21. Ke2 Bf8
22. Nb5 Qd7 23. a4 Be7 24. Rh1 Rdg8 25. Rag1 Rxh1 26. Rxh1 Qd8 27. Rh7 Qf8 28.
Qf4 Rg6 29. Qh2 Bxg5 30. Rh8 Rg8 31. Rxg8 Qxg8 32. Qg1 1-0

[Event "Camp. Arg. 83 - Semifinal (La Plata)"]
[Site "Calle 46 - No. 581 (La Plata)"]
[Date "2008.07.22"]
[Round "2.15"]
[White "Latrecchiana, Cristian"]
[Black "Fulgenzi, Ernesto"]
[Result "0-1"]
[WhiteElo "1773"]
[BlackElo "2358"]
[PlyCount "38"]
[EventDate "2008.07.21"]

1. e4 g6 2. d4 Bg7 3. Nf3 d6 4. Be3 c5 5. c3 cxd4 6. Nxd4 Nf6 7. f3 O-O 8. Be2
a6 9. O-O e5 10. Nc2 d5 11. exd5 Nxd5 12. Bf2 Nf4 13. Ne3 Nc6 14. Re1 Qg5 15.
g3 Rd8 16. Qc2 Nh3+ 17. Kf1 Nxf2 18. Kxf2 Bf8 19. Nd2 Qxe3+ 0-1

[Event "Camp. Arg. 83 - Semifinal (La Plata)"]
[Site "Calle 46 - No. 581 (La Plata)"]
[Date "2008.07.22"]
[Round "2.16"]
[White "Needleman, Alejandro"]
[Black "Gallego, Gonzalo"]
[Result "1-0"]
[WhiteElo "2352"]
[BlackElo "2070"]
[PlyCount "65"]
[EventDate "2008.07.21"]

1. Nf3 Nf6 2. g3 d5 3. Bg2 c6 4. O-O Bg4 5. c4 e6 6. Ne5 Bf5 7. d4 Nbd7 8. cxd5
exd5 9. Nd3 Bd6 10. Nc3 O-O 11. Bf4 Qe7 12. Bxd6 Qxd6 13. b4 b5 14. a4 a6 15.
Nc5 a5 16. Qb3 bxa4 17. N3xa4 Rfb8 18. Nxd7 Nxd7 19. Nc5 Nxc5 20. dxc5 Qd8 21.
Qa4 axb4 22. Qxc6 Rxa1 23. Rxa1 b3 24. e4 b2 25. Rb1 Bg6 26. Qa4 Qc7 27. Rxb2
Rd8 28. c6 dxe4 29. Rb7 e3 30. Rxc7 e2 31. Rd7 e1=Q+ 32. Bf1 Rc8 33. Qd4 1-0

[Event "Camp. Arg. 83 - Semifinal (La Plata)"]
[Site "Calle 46 - No. 581 (La Plata)"]
[Date "2008.07.22"]
[Round "2.18"]
[White "Catelli, Hernan"]
[Black "Cirulli, Diego"]
[Result "1-0"]
[WhiteElo "2176"]
[BlackElo "1984"]
[PlyCount "79"]
[EventDate "2008.07.21"]

1. g3 c5 2. Bg2 g6 3. d3 Bg7 4. e4 d6 5. f4 Nc6 6. Nf3 Nf6 7. O-O O-O 8. a4 Ne8
9. Na3 f5 10. c3 e5 11. Nc4 Kh8 12. Qe2 Be6 13. Ng5 Bg8 14. exf5 exf4 15. Bxf4
Rxf5 16. Ne6 Bxe6 17. Qxe6 Rf6 18. Qe2 Nc7 19. h4 Qd7 20. Rae1 Re8 21. Qd1 Ref8
22. h5 g5 23. Bxg5 Rxf1+ 24. Rxf1 d5 25. h6 dxc4 26. hxg7+ Qxg7 27. Rxf8+ Qxf8
28. dxc4 Ne6 29. Bh4 Ng7 30. Qd7 Ne5 31. Qxb7 Nxc4 32. Qxa7 Nf5 33. Qa8 Qxa8
34. Bxa8 Nxh4 35. gxh4 Nxb2 36. a5 Nc4 37. a6 Nd6 38. Kf2 Kg7 39. Ke3 Kf6 40.
Bd5 1-0

[Event "Camp. Arg. 83 - Semifinal (La Plata)"]
[Site "Calle 46 - No. 581 (La Plata)"]
[Date "2008.07.22"]
[Round "2.20"]
[White "Barbarito, Damian"]
[Black "De Luca, Christian Carlos"]
[Result "0-1"]
[WhiteElo "1751"]
[BlackElo "2125"]
[PlyCount "58"]
[EventDate "2008.07.21"]

1. d4 Nf6 2. c4 c6 3. Nc3 d5 4. Nf3 a6 5. e3 b5 6. cxb5 axb5 7. Bd3 b4 8. Ne2
e6 9. O-O Ba6 10. Ne5 Bd6 11. f4 Bxd3 12. Qxd3 Ne4 13. Bd2 f6 14. Nf3 Qb6 15.
Ng3 Nxg3 16. hxg3 O-O 17. g4 Nd7 18. Kf2 e5 19. Qf5 Rf7 20. Rh1 Nf8 21. Qh5 g6
22. Qh6 exf4 23. exf4 Re8 24. f5 Re4 25. fxg6 Nxg6 26. Rae1 Ne5 27. Nxe5 Qxd4+
28. Be3 Qxe5 29. Qh4 Re7 0-1

[Event "Camp. Arg. 83 - Semifinal (La Plata)"]
[Site "Calle 46 - No. 581 (La Plata)"]
[Date "2008.??.??"]
[Round "2.22"]
[White "Lo Presti, Roberto Oscar"]
[Black "Ruiz, Francisco"]
[Result "0-1"]
[WhiteElo "2122"]
[BlackElo "1921"]
[PlyCount "46"]
[EventDate "2008.07.21"]

1. e4 d5 2. exd5 Qxd5 3. Nc3 Qa5 4. d4 Nf6 5. Bc4 c6 6. Bd2 Bf5 7. Nd5 Qd8 8.
Nxf6+ exf6 9. Ne2 Bd6 10. O-O O-O 11. Ng3 Bxg3 12. fxg3 Qxd4+ 13. Kh1 Bg4 14.
Be2 Bxe2 15. Qxe2 Qxb2 16. Rab1 Qxa2 17. Bb4 Rd8 18. Rb3 h6 19. Qe7 Na6 20. Bc3
b6 21. Ra3 Qc4 22. Rf4 Qxc3 23. h4 Qc5 0-1

[Event "Camp. Arg. 83 - Semifinal (La Plata)"]
[Site "Calle 46 - No. 581 (La Plata)"]
[Date "2008.??.??"]
[Round "2.23"]
[White "Lohidoy, Bernardo"]
[Black "Araoz, Claudio Alberto"]
[Result "1-0"]
[WhiteElo "2091"]
[BlackElo "1903"]
[PlyCount "77"]
[EventDate "2008.07.21"]

1. e4 c6 2. c4 d5 3. cxd5 cxd5 4. exd5 Nf6 5. d4 Nxd5 6. Nc3 Nf6 7. Be2 e6 8.
Nf3 Be7 9. O-O Nbd7 10. Re1 O-O 11. Bg5 Nb6 12. Qd2 Bd7 13. Ne5 Rc8 14. Bd3
Nfd5 15. Bxe7 Qxe7 16. a3 a6 17. Ne4 h6 18. Rad1 Rfd8 19. Nc5 Be8 20. Bb1 Nd7
21. Nexd7 Bxd7 22. Nxb7 Ba4 23. Nxd8 Bxd1 24. Nxe6 fxe6 25. Qxd1 Qg5 26. g3 Nf4
27. Kh1 Nh3 28. Qe2 Qd5+ 29. f3 Ng5 30. Kg2 Qxd4 31. h4 Nf7 32. Qxe6 Qxb2+ 33.
Kh3 Rf8 34. Qe4 Nd8 35. Qh7+ Kf7 36. Bg6+ Kf6 37. Bd3 Kf7 38. Bc4+ Kf6 39. h5
1-0

[Event "Camp. Arg. 83 - Semifinal (La Plata)"]
[Site "Calle 46 - No. 581 (La Plata)"]
[Date "2008.07.22"]
[Round "2.24"]
[White "Sanchez, Cristian"]
[Black "Moscato, Nestor Eduardo"]
[Result "1-0"]
[WhiteElo "2065"]
[BlackElo "1901"]
[PlyCount "73"]
[EventDate "2008.07.21"]

1. e4 c5 2. Nf3 Nc6 3. d4 cxd4 4. Nxd4 Nf6 5. Nc3 e5 6. Ndb5 d6 7. Bg5 a6 8.
Na3 h6 9. Bxf6 Qxf6 10. Nd5 Qd8 11. c3 Be6 12. Nc2 Bxd5 13. Qxd5 Qa5 14. Qd2
Be7 15. Bc4 Qc5 16. Bd5 O-O 17. O-O Rac8 18. Rad1 b5 19. Bxc6 Rxc6 20. Nb4 Bg5
21. Qd3 Rb6 22. Nd5 Rbb8 23. g3 Qc4 24. Qc2 Qc5 25. b3 h5 26. h4 Bh6 27. Qe2 g6
28. Nf6+ Kg7 29. Nd7 Qxc3 30. Nxb8 Rxb8 31. Rxd6 a5 32. Rfd1 a4 33. R1d3 Qc1+
34. Kg2 Rb7 35. Qf3 axb3 36. axb3 Kh7 37. Rd7 1-0

[Event "Camp. Arg. 83 - Semifinal (La Plata)"]
[Site "Calle 46 - No. 581 (La Plata)"]
[Date "2008.??.??"]
[Round "2.25"]
[White "Rojo Lynch, Enrique"]
[Black "Sandrone, Mauricio"]
[Result "0-1"]
[WhiteElo "1898"]
[BlackElo "2062"]
[PlyCount "44"]
[EventDate "2008.07.21"]

1. e4 d5 2. exd5 Qxd5 3. Nc3 Qa5 4. d4 Nf6 5. Bc4 Bg4 6. f3 Bf5 7. Nge2 e6 8.
Bd2 Bb4 9. a3 Bxc3 10. Bxc3 Qb6 11. Qd2 Nc6 12. g4 Bg6 13. h4 h6 14. Nf4 Bh7
15. g5 O-O-O 16. gxf6 Nxd4 17. Bxd4 Rxd4 18. fxg7 Rhd8 19. Bd3 Qxb2 20. O-O
Bxd3 21. Nxd3 Rxd3 22. Qg2 Rg8 0-1

[Event "Camp. Arg. 83 - Semifinal (La Plata)"]
[Site "Calle 46 - No. 581 (La Plata)"]
[Date "2008.??.??"]
[Round "2.26"]
[White "Scarzello, Alejandro"]
[Black "Muñiz, Roberto Anibal"]
[Result "1-0"]
[WhiteElo "2050"]
[BlackElo "1867"]
[PlyCount "81"]
[EventDate "2008.07.21"]

1. e4 c5 2. Nf3 d6 3. d4 cxd4 4. Nxd4 Nf6 5. Nc3 a6 6. Be3 e6 7. Be2 Be7 8. O-O
O-O 9. a4 Qc7 10. Kh1 Nc6 11. f4 Re8 12. Nb3 b6 13. Bf3 Bb7 14. g4 Nb4 15. g5
Nd7 16. Bg2 f5 17. Nd4 Nc5 18. exf5 Bxg2+ 19. Kxg2 e5 20. Nf3 e4 21. Nd4 Bf8
22. Rf2 Qf7 23. Qg4 Nd5 24. Nxd5 Qxd5 25. Rg1 Ra7 26. b3 Rc7 27. Kh1 Qf7 28. g6
Qf6 29. gxh7+ Kh8 30. Qg6 Rce7 31. h4 Qxg6 32. fxg6 Nd7 33. Nc6 Re6 34. f5 Rf6
35. Bg5 d5 36. Bxf6 Nxf6 37. Rd1 Bc5 38. Rg2 e3 39. b4 Bd6 40. Nd4 Re4 41. Nf3
1-0

[Event "Camp. Arg. 83 - Semifinal (La Plata)"]
[Site "Calle 46 - No. 581 (La Plata)"]
[Date "2008.??.??"]
[Round "2.27"]
[White "Coronel, Nestor"]
[Black "Epelboin, Matias"]
[Result "0-1"]
[WhiteElo "1839"]
[BlackElo "2038"]
[PlyCount "68"]
[EventDate "2008.07.21"]

1. e4 d6 2. d4 Nf6 3. Nc3 g6 4. Bg5 Bg7 5. Bc4 O-O 6. h3 Nxe4 7. Bxf7+ Rxf7 8.
Nxe4 h6 9. Be3 Nc6 10. Nf3 Kh7 11. Qd2 a5 12. c3 a4 13. Ng3 Na5 14. Qd3 e6 15.
O-O b6 16. Nd2 Ba6 17. c4 Nxc4 18. Nxc4 d5 19. b3 dxc4 20. bxc4 c5 21. Rad1
cxd4 22. Nh5 Bh8 23. Nf4 Qf6 24. Bc1 Rc8 25. Rfe1 Bxc4 26. Qe4 e5 27. Nd3 Bxd3
28. Qxd3 Qxf2+ 29. Kh1 Rc2 30. Rg1 e4 31. Qxe4 Rxa2 32. Rdf1 Qxf1 33. Rxf1
Rxf1+ 34. Kh2 Rxc1 0-1

[Event "Camp. Arg. 83 - Semifinal (La Plata)"]
[Site "Calle 46 - No. 581 (La Plata)"]
[Date "2008.07.22"]
[Round "2.28"]
[White "Pacheco, Juan Jose"]
[Black "Gomez, Ruben Alfredo"]
[Result "1-0"]
[WhiteElo "2091"]
[BlackElo "1834"]
[PlyCount "35"]
[EventDate "2008.07.21"]

1. e4 e5 2. Bc4 Nf6 3. d4 Nxe4 4. dxe5 Bc5 5. Bxf7+ Kf8 6. Bd5 Bxf2+ 7. Kf1 Qh4
8. Qf3+ Ke8 9. Qxe4 Qxe4 10. Bxe4 Rf8 11. Nf3 Bd4 12. Bxh7 Bxe5 13. Bg6+ Ke7
14. Bg5+ Bf6 15. Bxf6+ Rxf6 16. Bd3 Nc6 17. Nc3 d6 18. Nd5+ 1-0

[Event "Camp. Arg. 83 - Semifinal (La Plata)"]
[Site "Calle 46 - No. 581 (La Plata)"]
[Date "2008.07.23"]
[Round "3.2"]
[White "Claverie, Raul Ricardo"]
[Black "Giampa, Alejandro"]
[Result "1/2-1/2"]
[WhiteElo "2378"]
[BlackElo "2237"]
[PlyCount "38"]
[EventDate "2008.07.21"]

1. e4 c5 2. g3 g6 3. Bg2 Bg7 4. h4 h5 5. Nh3 Nc6 6. O-O d6 7. c3 e5 8. Na3 Nf6
9. d3 Ng4 10. Bd2 f6 11. f3 Nh6 12. f4 Bg4 13. Qe1 Qd7 14. Nf2 Be6 15. Nc4
O-O-O 16. b4 cxb4 17. cxb4 Kb8 18. Be3 Nd4 19. Rc1 Ng4 1/2-1/2

[Event "Camp. Arg. 83 - Semifinal (La Plata)"]
[Site "Calle 46 - No. 581 (La Plata)"]
[Date "2008.07.23"]
[Round "3.3"]
[White "Calderon Fernandez, Gervasio Andres"]
[Black "Tristan, Leonardo"]
[Result "1/2-1/2"]
[WhiteElo "2303"]
[BlackElo "2366"]
[PlyCount "44"]
[EventDate "2008.07.21"]

1. d4 g6 2. c4 Bg7 3. Nc3 c5 4. d5 Bxc3+ 5. bxc3 f5 6. e4 fxe4 7. f3 d6 8. fxe4
Nf6 9. Nf3 Qa5 10. Bd2 Bg4 11. Bd3 Nbd7 12. O-O O-O-O 13. Rf2 Ne5 14. Be2 Bxf3
15. gxf3 g5 16. Bxg5 Rhg8 17. Rg2 Qxc3 18. Rc1 Qa5 19. Qd2 Qa4 20. Qc2 Qa3 21.
Qc3 Qa4 22. Qc2 Qa3 1/2-1/2

[Event "Camp. Arg. 83 - Semifinal (La Plata)"]
[Site "Calle 46 - No. 581 (La Plata)"]
[Date "2008.07.23"]
[Round "3.4"]
[White "Meza, Hugo"]
[Black "Perelman, Hernan"]
[Result "1-0"]
[WhiteElo "2273"]
[BlackElo "2360"]
[PlyCount "55"]
[EventDate "2008.07.21"]

1. d4 c5 2. d5 Nf6 3. Bg5 Qb6 4. Nc3 Qxb2 5. Bd2 Qb6 6. e4 d6 7. f4 e5 8. dxe6
fxe6 9. Nf3 Nc6 10. Rb1 Qc7 11. Bc4 a6 12. a4 Nxe4 13. Nxe4 d5 14. O-O dxe4 15.
Ng5 Be7 16. Nxe6 Bxe6 17. Bxe6 Rd8 18. f5 h5 19. Qe1 Bd6 20. h3 Bg3 21. Qe3 Nd4
22. Qxe4 Kf8 23. Rxb7 Ne2+ 24. Kh1 Rxd2 25. Rxc7 Bxc7 26. Qb7 Ng3+ 27. Kg1 Ne2+
28. Kf2 {Time} 1-0

[Event "Camp. Arg. 83 - Semifinal (La Plata)"]
[Site "Calle 46 - No. 581 (La Plata)"]
[Date "2008.07.23"]
[Round "3.5"]
[White "Duarte, Leonardo"]
[Black "Restuccia, Francisco"]
[Result "1-0"]
[WhiteElo "2341"]
[BlackElo "2148"]
[PlyCount "73"]
[EventDate "2008.07.21"]

1. e4 c5 2. Nf3 d6 3. d4 cxd4 4. Nxd4 Nf6 5. Nc3 a6 6. Bg5 e6 7. f4 Qc7 8. Qd2
Nc6 9. O-O-O Bd7 10. Be2 Be7 11. Rhe1 Rc8 12. Bxf6 gxf6 13. Nxc6 Qxc6 14. Bh5
b5 15. f5 O-O 16. Re3 b4 17. Ne2 Kh8 18. Kb1 a5 19. Rc1 Qc4 20. Nf4 a4 21. Rh3
exf5 22. Nd5 Be6 23. Be2 Qxe4 24. Bf3 Bxd5 25. Bxe4 Bxe4 26. Qxb4 Rc5 27. Qxa4
Rfc8 28. a3 d5 29. Ka2 f4 30. Qd7 R8c7 31. Qg4 Bd6 32. Qe2 Rxc2 33. Rxc2 Rxc2
34. Qh5 Be5 35. Rb3 Bg6 36. Qh6 Kg8 37. Qh3 1-0

[Event "Camp. Arg. 83 - Semifinal (La Plata)"]
[Site "Calle 46 - No. 581 (La Plata)"]
[Date "2008.07.23"]
[Round "3.6"]
[White "Virgillito, Cristian"]
[Black "Hobaica, Juan Pablo"]
[Result "1/2-1/2"]
[WhiteElo "2140"]
[BlackElo "2417"]
[PlyCount "76"]
[EventDate "2008.07.21"]

1. e4 c5 2. c3 d5 3. exd5 Qxd5 4. d4 Nf6 5. Nf3 e6 6. Na3 Nc6 7. Nb5 Qd8 8.
dxc5 Bxc5 9. Qxd8+ Kxd8 10. Bf4 Nd5 11. Bd6 Bxd6 12. Nxd6 Ke7 13. Nb5 Rd8 14.
O-O-O a6 15. Nbd4 Nxd4 16. Rxd4 f6 17. Bc4 Nb6 18. Rxd8 Kxd8 19. Bd3 h6 20. Nd4
e5 21. Nb3 Be6 22. Nc5 Bd5 23. Be4 Bxe4 24. Nxe4 Rc8 25. Nd6 Rc7 26. Rd1 Ke7
27. Nf5+ Ke6 28. Rd6+ Kxf5 29. Rxb6 h5 30. Kc2 h4 31. h3 Rd7 32. a4 Kf4 33. a5
e4 34. Re6 Rd5 35. Re7 Rg5 36. Kd2 Rxg2 37. Ke2 e3 38. Rxe3 Rg5 1/2-1/2

[Event "Camp. Arg. 83 - Semifinal (La Plata)"]
[Site "Calle 46 - No. 581 (La Plata)"]
[Date "2008.07.23"]
[Round "3.7"]
[White "Sampaoli, Cristian"]
[Black "Alonso, Salvador"]
[Result "0-1"]
[WhiteElo "2201"]
[BlackElo "2437"]
[PlyCount "122"]
[EventDate "2008.07.21"]

1. d4 d5 2. Nf3 Nf6 3. Bf4 c5 4. e3 Nc6 5. c3 Qb6 6. Qc2 Bg4 7. Nbd2 e6 8. a4
Bf5 9. Bd3 Bxd3 10. Qxd3 cxd4 11. exd4 Be7 12. b4 O-O 13. O-O Rfc8 14. Rab1 Qd8
15. Bg5 h6 16. Bh4 Ne4 17. Nxe4 Bxh4 18. Ng3 Be7 19. Rfe1 Bd6 20. Re3 Bf4 21.
Re2 Qc7 22. Nh5 Bd6 23. Nh4 Ne7 24. Rc1 Bxh2+ 25. Kh1 Bf4 26. Rcc2 Bg5 27. Nf3
g6 28. Ng3 Qc4 29. Qd1 Bf6 30. Qd2 Kg7 31. Qe3 Qc7 32. Ne5 Bxe5 33. dxe5 Qc4
34. Red2 Qh4+ 35. Kg1 Rc4 36. Rd4 Rxd4 37. cxd4 Nc6 38. Ne2 Qe7 39. b5 Na5 40.
Qf3 Nc4 41. Nc1 a6 42. Ra2 Kg8 43. Rc2 axb5 44. axb5 Ra1 45. g3 Qg5 46. Qc3 Rb1
47. Kg2 Qh5 48. f3 Qg5 49. f4 Qf5 50. Re2 h5 51. Nd3 Rxb5 52. Nf2 Qb1 53. f5
Qxf5 54. Qf3 Qxf3+ 55. Kxf3 Rb3+ 56. Kf4 Rb2 57. Kf3 Rxe2 58. Kxe2 Kg7 59. Nd3
g5 60. Kf3 Kg6 61. Nb4 Kf5 0-1

[Event "Camp. Arg. 83 - Semifinal (La Plata)"]
[Site "Calle 46 - No. 581 (La Plata)"]
[Date "2008.07.23"]
[Round "3.8"]
[White "Fulgenzi, Ernesto"]
[Black "Catelli, Hernan"]
[Result "1-0"]
[WhiteElo "2358"]
[BlackElo "2176"]
[PlyCount "75"]
[EventDate "2008.07.21"]

1. e4 e6 2. d4 d5 3. Nd2 c5 4. Ngf3 Nc6 5. exd5 exd5 6. Bb5 Bd6 7. dxc5 Bxc5 8.
O-O Nge7 9. Nb3 Bd6 10. Bg5 O-O 11. Bh4 Bg4 12. Be2 Qb6 13. Bg3 Bxg3 14. hxg3
Nf5 15. Ng5 Bxe2 16. Qxe2 h6 17. Qd3 g6 18. g4 Nb4 19. Qh3 hxg5 20. gxf5 Nxc2
21. Rad1 Rad8 22. Qh6 Qf6 23. fxg6 fxg6 24. Rd3 Rd7 25. Rf3 Qg7 26. Rxf8+ Kxf8
27. Qxg5 Qxb2 28. Qxg6 Re7 29. Qf5+ Rf7 30. Qc8+ Kg7 31. Rc1 Na3 32. Qg4+ Kh7
33. Qh4+ Kg7 34. Qg4+ Kh7 35. Qh4+ Kg7 36. Rd1 Qe5 37. Rd3 Rf6 38. Rg3+ 1-0

[Event "Camp. Arg. 83 - Semifinal (La Plata)"]
[Site "Calle 46 - No. 581 (La Plata)"]
[Date "2008.??.??"]
[Round "3.9"]
[White "Bibiloni, Jorge"]
[Black "Needleman, Alejandro"]
[Result "0-1"]
[WhiteElo "2153"]
[BlackElo "2352"]
[PlyCount "78"]
[EventDate "2008.07.21"]

1. e4 c6 2. d4 d5 3. Nc3 dxe4 4. Nxe4 Nf6 5. Nxf6+ exf6 6. Bc4 Qd6 7. c3 Be6 8.
Bxe6 fxe6 9. Ne2 c5 10. Nf4 cxd4 11. O-O Nc6 12. Nxe6 Qxe6 13. Re1 Ne5 14. f4
dxc3 15. bxc3 Bc5+ 16. Be3 Bxe3+ 17. Rxe3 O-O 18. Qd4 Rad8 19. Qxa7 Nc6 20.
Rxe6 Nxa7 21. Rb1 Rf7 22. Reb6 Rdd7 23. a4 Rfe7 24. a5 Nc8 25. R6b4 f5 26. Rb5
g6 27. h3 Nd6 28. R5b4 Rc7 29. Rd1 Nc4 30. Rd8+ Kf7 31. Ra8 Re1+ 32. Kf2 Ra1
33. Rb5 Nd6 34. Rb6 Ne4+ 35. Ke2 Nxc3+ 36. Kf3 Ra3 37. Kf2 Nd5 38. Rd6 Nxf4 39.
a6 Rc2+ 0-1

[Event "Camp. Arg. 83 - Semifinal (La Plata)"]
[Site "Calle 46 - No. 581 (La Plata)"]
[Date "2008.??.??"]
[Round "3.10"]
[White "De Luca, Christian Carlos"]
[Black "Quiroga, Facundo"]
[Result "1/2-1/2"]
[WhiteElo "2125"]
[BlackElo "2339"]
[PlyCount "100"]
[EventDate "2008.07.21"]

1. Nf3 Nf6 2. b3 g6 3. Bb2 Bg7 4. e3 O-O 5. d4 d6 6. Bd3 Nbd7 7. O-O e5 8. dxe5
Ng4 9. Be2 Ndxe5 10. Nxe5 Nxe5 11. Qc1 a5 12. a4 Qh4 13. Nd2 Re8 14. f4 Ng4 15.
Bxg4 Bxb2 16. Qxb2 Bxg4 17. e4 Re7 18. Rf2 f5 19. e5 dxe5 20. fxe5 Rae8 21. Nc4
b6 22. Raf1 Rd8 23. Qc1 Kg7 24. Qe3 g5 25. Qc3 f4 26. g3 Qh5 27. gxf4 gxf4 28.
e6+ Kg8 29. Qf6 Rde8 30. Rg2 Rxe6 31. Qxf4 Re4 32. Qxc7 Re1 33. Qf4 Rxf1+ 34.
Qxf1 Re6 35. Qf2 Rg6 36. Nxb6 Bf5 37. Rxg6+ hxg6 38. Nc4 Qg4+ 39. Kf1 Qd1+ 40.
Kg2 Bxc2 41. Qb6 Be4+ 42. Kf2 Qc2+ 43. Ke3 Qd3+ 44. Kf4 Bf5 45. Kg5 Qh3 46.
Qd8+ Kg7 47. Qd4+ Kg8 48. Ne5 Qh5+ 49. Kf6 Qh8+ 50. Kg5 Qh5+ 1/2-1/2

[Event "Camp. Arg. 83 - Semifinal (La Plata)"]
[Site "Calle 46 - No. 581 (La Plata)"]
[Date "2008.07.23"]
[Round "3.13"]
[White "Sandrone, Mauricio"]
[Black "Spata, German"]
[Result "1/2-1/2"]
[WhiteElo "2062"]
[BlackElo "2250"]
[PlyCount "125"]
[EventDate "2008.07.21"]

1. d4 d5 2. c4 c6 3. cxd5 cxd5 4. Nf3 Nf6 5. Nc3 e6 6. Bf4 Bd6 7. Bxd6 Qxd6 8.
e3 O-O 9. Bd3 a6 10. Ne5 b5 11. O-O Bb7 12. Rc1 Nbd7 13. Nxd7 Nxd7 14. Qc2 f5
15. Ne2 Rfc8 16. Qd2 Nb6 17. b3 Qa3 18. Rxc8+ Rxc8 19. Rc1 Rxc1+ 20. Nxc1 Kf7
21. Qc3 Qd6 22. Bf1 Ke7 23. Nd3 Qc6 24. Qxc6 Bxc6 25. Nc5 a5 26. Bd3 Kd6 27. f4
b4 28. Kf2 h6 29. g3 Nc8 30. Ba6 Na7 31. Ke2 Be8 32. Kd2 g5 33. Be2 g4 34. Ba6
h5 35. Kd3 Bf7 36. Kd2 Nc6 37. Bb5 Ne7 38. Bd3 Ng6 39. Be2 h4 40. Bd3 h3 41.
Ke1 Ke7 42. Bb5 Nf8 43. Ba6 Nh7 44. Bd3 Be8 45. Ba6 Nf8 46. Bd3 Ng6 47. Kd1 Bc6
48. Ke2 Nf8 49. Ba6 Ng6 50. Kd3 Nh8 51. Kd2 Nf7 52. Bd3 Be8 53. Ke2 Kf6 54. Kd2
Kg6 55. Be2 Bc6 56. Bd3 Be8 57. Ke2 Nd8 58. Kd2 Kf6 59. Ke1 Bc6 60. Ba6 a4 61.
Be2 a3 62. Bd3 Be8 63. Be2 1/2-1/2

[Event "Camp. Arg. 83 - Semifinal (La Plata)"]
[Site "Calle 46 - No. 581 (La Plata)"]
[Date "2008.??.??"]
[Round "3.14"]
[White "Malbran, Guillermo"]
[Black "Scarzello, Alejandro"]
[Result "1-0"]
[WhiteElo "2241"]
[BlackElo "2050"]
[PlyCount "49"]
[EventDate "2008.07.21"]

1. e4 c5 2. Nf3 g6 3. Bc4 Nc6 4. O-O Bg7 5. c3 d6 6. d4 cxd4 7. cxd4 Bg4 8.
Bxf7+ Kxf7 9. Ng5+ Ke8 10. Qxg4 Qc8 11. Qd1 Nxd4 12. Nc3 h6 13. Be3 Nc6 14. Nf3
Nf6 15. Rc1 Qd8 16. Nh4 g5 17. Nf5 Bf8 18. Nd5 e5 19. Nxf6+ Qxf6 20. Qa4 Be7
21. Qb3 Rd8 22. Qxb7 Nb8 23. Bxa7 Nd7 24. Rfd1 Rh7 25. Rc8 1-0

[Event "Camp. Arg. 83 - Semifinal (La Plata)"]
[Site "Calle 46 - No. 581 (La Plata)"]
[Date "2008.??.??"]
[Round "3.15"]
[White "Tobares, Leandro"]
[Black "Pereyra, Horacio"]
[Result "1-0"]
[WhiteElo "2210"]
[BlackElo "2001"]
[PlyCount "61"]
[EventDate "2008.07.21"]

1. d4 e6 2. c4 Bb4+ 3. Bd2 Qe7 4. g3 f5 5. Bg2 Nf6 6. a3 Bxd2+ 7. Nxd2 Nc6 8.
Ngf3 O-O 9. O-O b6 10. Qc2 Bb7 11. d5 Nd8 12. Rfe1 exd5 13. cxd5 Bxd5 14. Qxc7
Ng4 15. h3 Ne6 16. Qc3 Nf6 17. Rac1 d6 18. b4 Kh8 19. e3 Qb7 20. Nh4 Bxg2 21.
Nxg2 Ng5 22. Kh2 Nfe4 23. Nxe4 Nf3+ 24. Kh1 Nxe1 25. Rxe1 Qxe4 26. Kg1 Rac8 27.
Qd2 d5 28. Nf4 Rfd8 29. Re2 d4 30. exd4 Qxd4 31. Re8+ 1-0

[Event "Camp. Arg. 83 - Semifinal (La Plata)"]
[Site "Calle 46 - No. 581 (La Plata)"]
[Date "2008.??.??"]
[Round "3.16"]
[White "Epelboin, Matias"]
[Black "Torres, Sergio"]
[Result "0-1"]
[WhiteElo "2038"]
[BlackElo "2202"]
[PlyCount "42"]
[EventDate "2008.07.21"]

1. e4 Nf6 2. d3 e5 3. Nf3 Nc6 4. Be2 d5 5. Nbd2 Bc5 6. O-O Be6 7. c3 Bb6 8. Qc2
O-O 9. h3 Nh5 10. Nxe5 Ng3 11. Ndf3 Nxe5 12. Nxe5 Nxf1 13. Bxf1 f5 14. exd5
Bxd5 15. d4 Kh8 16. Bd3 Qf6 17. Nd7 Qg6 18. f4 Rfe8 19. Ne5 Qg3 20. Bxf5 c5 21.
Bxh7 cxd4 0-1

[Event "Camp. Arg. 83 - Semifinal (La Plata)"]
[Site "Calle 46 - No. 581 (La Plata)"]
[Date "2008.??.??"]
[Round "3.17"]
[White "Torres, Maximiliano"]
[Black "Mavrich, Leandro"]
[Result "0-1"]
[WhiteElo "1950"]
[BlackElo "2192"]
[PlyCount "58"]
[EventDate "2008.07.21"]

1. e4 c5 2. Nf3 d6 3. d4 cxd4 4. Nxd4 Nf6 5. Nc3 a6 6. Bc4 e6 7. Qe2 b5 8. Bb3
Be7 9. Be3 Qc7 10. O-O-O Nc6 11. g4 Nxd4 12. Bxd4 b4 13. Na4 Bb7 14. f3 O-O 15.
h4 Nd7 16. Qf2 Nc5 17. Be3 Rfc8 18. Nxc5 dxc5 19. Bc4 a5 20. g5 a4 21. g6 a3
22. gxf7+ Kxf7 23. Qh2 axb2+ 24. Kb1 Qxh2 25. Rxh2 Ba6 26. Bxa6 Rxa6 27. Bg5
Bxg5 28. hxg5 Rca8 29. Kxb2 Rxa2+ 0-1